Class culture and the agrarian myth (Record no. 1224807)

MARC details
000 -LEADER
fixed length control field 00570nam a2200217Ia 4500
005 - DATE AND TIME OF LATEST TRANSACTION
control field 20241129104205.0
008 - FIXED-LENGTH DATA ELEMENTS--GENERAL INFORMATION
fixed length control field 241129s9999||||xx |||||||||||||| ||und||
020 ## - INTERNATIONAL STANDARD BOOK NUMBER
International Standard Book Number 9781608464890
037 ## - SOURCE OF ACQUISITION
Stock number Textual
040 ## - CATALOGING SOURCE
Original cataloging agency RTL
Language of cataloging eng
Transcribing agency RTL
041 ## - LANGUAGE CODE
Language code of text/sound track or separate title eng
Source of code eng
084 ## - COLON CLASSIFICATION NUMBER
Classification number Y49 Q4
Assigning agency RTL
100 ## - MAIN ENTRY--PERSONAL NAME
Personal name Brass Tom
9 (RLIN) 20234
245 #0 - TITLE STATEMENT
Title Class culture and the agrarian myth
Statement of responsibility, etc. Brass Tom
260 ## - PUBLICATION, DISTRIBUTION, ETC.
Place of publication, distribution, etc. Chicago
Name of publisher, distributor, etc. Haymarket Brakes
Date of publication, distribution, etc. 2014
300 ## - PHYSICAL DESCRIPTION
Extent 447p.
365 ## - TRADE PRICE
Price type code INR
Price amount 2979
650 ## - SUBJECT ADDED ENTRY--TOPICAL TERM
Topical term or geographic name entry element Sociology
942 ## - ADDED ENTRY ELEMENTS (KOHA)
Koha item type Textbook
Classification part Y49 Q4
Holdings
Withdrawn status Lost status Damaged status Not for loan Home library Current library Date acquired Source of acquisition Cost, normal purchase price Inventory number Total Checkouts Full call number Barcode Date last seen Price effective from Koha item type
        Ratan Tata Library Ratan Tata Library 2024-11-29 International Book Distrobutors 2979.00 118960 & 21/02/2023   Y49 Q4 RT1502743 2024-11-29 2024-11-29 Textbook
Copyright @ Delhi University Library System